000
00338nam a2200133Ia 4500
008
240624s9999 xx 000 0 und d
041
_a
eng
082
_a
658.15 PEA
100
_a
PEARCE RUPERT
245
_a
RAISING VENTURE CAPITAL
260
_c
2006
_a
New York
_b
John Wiley & Sons
300
_a
xv, : 242 : p. : cm. ; 25
365
_c
_b
27
999
_c
20708
_d
20708